000 00797nam a22002657a 4500
001 BR6001191
003 BR-BrBNA
005 20230928083051.0
007 ta
008 230509b bl.||||| |||| 00| 0 por d
040 _aBR-BrBNA
_bpor
_cBiblioteca Nacional de Agricultura
041 _a(Por)
072 _aL00; E10
_b5600
090 _ 5600 BR6001191
100 1 _aBartholomeu, A.
110 1 _aSecretaria da Agricultura, Industria e Comercio do Estado de Sao Paulo, Sao Paulo (Brasil). Diretoria de Publicidade Agricola
245 1 _aNocoes praticas para a criacao industrial do coelho
260 3 _aSao Paulo, SP (Brasil):
_c1942.
300 _a42 p.
650 _aProducao animal
650 _aCoelho
650 _aCriacao
909 _a202309
_bLucia
_c55
_dLucia Elande
942 _cBK
999 _c11391
_d11391